000 01280nam a2200337 a 4500
001 000112020
003 CHAP
005 20220329144242.0
008 151118s2015 mx a fsm |||||||spa d
010 _a108481
011 _a109453
040 _cCHAP
090 _aTesis
100 1 _aDomínguez Cerna, Rodrigo
_9130080
245 1 0 _aEstudio de la variación en la producción de leche, consumo de alimento, y peso vivo en cabras Alpinas, Nubia y Saanen de primer parto /
_h[En línea]
_cpor Rodrigo Domínguez Cerna.
260 _aBermejillo, Dgo. :
_bEl autor,
_c2015.
500 _aPara ver el contenido del material haga clic en la liga
502 _aTesis (Ing. en Sistemas Pecuarios) -- UACH. Unidad Regional Universitaria de Zonas Áridas
590 _aE11695DGD
_b10
_c20151119
_lUCH01
_h0754
590 _aE6096MTM
_b05
_c20151118
_lUCH01
_h1225
590 _aE6096MTM
_b05
_c20151118
_lUCH01
_h1226
650 1 4 _aGanado cabrío
_xPeso.
_945037
650 1 4 _aGanado cabrío
_xRazas.
_945042
650 1 4 _aGanado cabrío
_xReproducción.
_945043
650 1 4 _aLeche de cabra
_xProducción.
_965427
650 1 4 _aLeche
_xConsumo.
_965366
856 _aFinding aid
_uhttp://10.13.5.2/tesis/sist112020.pdf
_zTeclea aquí
901 _aBK
942 _cTESIS
942 _n0
999 _c108481
_d108481